000 00267nam a22001217a 4500
100 _aLalsi Kuruvila, P.
245 _aIdavilayayi cocoa
260 _bRubber, 699(August): 2024. 21-22.
300 _bMalayalam
650 _aCocoa
650 _aIntercrop
942 _cJS
999 _c75333
_d75333